<Die> wirtschaftliche Lage Russlands Systemtransformation auf dem Rückzug? Zweiter Bericht
Gespeichert in:
| Format: | Buch |
|---|---|
| Sprache: | Deutsch |
| Veröffentlicht: |
Kiel
Institut für Weltwirtschaft
1993
|
| Ausgabe: | 1. Aufl. |
| Schriftenreihe: | Kieler Diskussionsbeiträge
208/209 |
| Schlagworte: | |
| Tags: |
Keine Tags, Fügen Sie das erste Tag hinzu!
|
MARC
| LEADER | 00000nam a2200000 4500 | ||
|---|---|---|---|
| 001 | c005312 | ||
| 005 | 20250512095404.1 | ||
| 020 | |a 3-89456-049-5 | ||
| 041 | 0 | |a ger | |
| 044 | |a DE | ||
| 245 | 1 | 0 | |a <Die> wirtschaftliche Lage Russlands |b Systemtransformation auf dem Rückzug? Zweiter Bericht |
| 250 | |a 1. Aufl. | ||
| 264 | 1 | |a Kiel |b Institut für Weltwirtschaft |c 1993 | |
| 300 | |a 61 s. | ||
| 490 | 1 | |a Kieler Diskussionsbeiträge |v 208/209 | |
| 830 | 0 | |a Kieler Diskussionsbeiträge |v 208/209 | |
| 610 | 2 | 0 | |a Rusko |
| 610 | 2 | 0 | |a tabuľky štatistické |
| 610 | 2 | 0 | |a federácia |
| 610 | 2 | 0 | |a Švajčiarsko |
| 610 | 2 | 0 | |a USA |
| 610 | 2 | 0 | |a bilancia platobná |
| 610 | 2 | 0 | |a zadlženosť zahraničná |
| 610 | 2 | 0 | |a rubeľ |
| 610 | 2 | 0 | |a transformácia |
| 610 | 2 | 0 | |a privatizácia |
| 610 | 2 | 0 | |a politika finančná |
| 610 | 2 | 0 | |a politika zahraničná |
| 610 | 2 | 0 | |a devízy |
| 610 | 2 | 0 | |a programy vládne |
| 610 | 2 | 0 | |a situácia hospodárska |